Statistics for Random Capital to Country (easy) 1#

Click here to take the quiz!

General Stats

  • This quiz has been taken 121 times
  • The average score is 13 of 15

Answer Stats

the capital citythe country% Correct
BeijingChina
100%
TokyoJapan
100%
MoscowRussia
100%
ParisFrance
96%
BerlinGermany
96%
LondonUK
96%
New DelhiIndia
92%
RomeItaly
92%
MadridSpain
92%
Buenos AiresArgentina
76%
WashingtonUSA
76%
BrasíliaBrazil
72%
OttawaCanada
72%
CanberraAustralia
64%
WellingtonNew Zealand
60%

Score Distribution

Percentile by Number Answered

Percent of People with Each Score

Your Score History

You have not taken this quiz